000 00402nam a2200181Ia 4500
001 3077
005 20260306144854.0
008 260306t1962||||xx |||||||||||||| ||spa||
041 _aESP
082 _a249.8
_bL35
100 _aLeclercq, Jacques
_eAUT
245 0 _aLa familia
260 _c1962
300 _a384 páginas :
_c22 cm.
650 _aGEN
654 _aCHU
942 _cLIB
_dJUS
_fJUS
_2ddc
_n
999 _c3077
_d3077